Alla corte dell' imperatore: autorità civili, militari ed ecclesiastiche nella tarda Antichità

שמור ב:
מידע ביבליוגרפי
מחבר ראשי: Giuffrida Manmana, Claudia (Author)
פורמט: ספר
שפה:איטלקית
יצא לאור: Catania Edizioni del Prisma 2008
מהדורה:1a. ed
סדרה:Testi e Studi di Storia Antica, 20
נושאים:
תגים: הוספת תג
אין תגיות, היה/י הראשונ/ה לתייג את הרשומה!

MARC

LEADER 00000cam a2200000 a 4500
001 UCD8781
003 CL-VaPUC
008 170527e20080000it |||||||||||||||||ita|d
020 |a 9788886808354 
082 0 4 |a 270  |b GIU  |2 21 
100 0 |a Giuffrida Manmana, Claudia  |e author  |9 592284 
245 1 0 |a Alla corte dell' imperatore: autorità civili, militari ed ecclesiastiche nella tarda Antichità 
250 |a 1a. ed 
300 |a 518 p 
942 |c BK 
945 |d 20170527 00:32:00  |a dcastane 
260 |a Catania  |b Edizioni del Prisma  |c 2008 
650 0 |a Historia de la iglesia   |9 257565 
650 7 |a IGLESIA PRIMITIVA  |2 CL-VaPUC  |9 394704 
650 0 |a Imperio Bizantino  |9 315386 
583 |a last modification  |c 20170527 00:32:00  |k Rodrigo Vera 
490 0 |a Testi e Studi di Storia Antica, 20 
999 |c 368090  |d 368088 
952 |0 0  |1 0  |3 erb  |4 0  |6 270_000000000000000_GIU_2008  |7 0  |8 A  |9 483349  |a FDOLAF  |b FDOLAF  |e Laffi, Umberto, 1939-  |i 5392241  |o 270 GIU 2008  |p 5392241  |r 2024-01-30  |w 2019-11-24  |y BK  |z Catalogado en:20170527  |k LAF